Sistemas efectivos de evaluación del rendimiento: resultados, desempeños, técnicas y sistemas para la gestión y el desarrollo del personal

Salvato in:
Dettagli Bibliografici
Autori principali: Quijano de Arana, Santiago de (Autore), Galán, Diego (Autore)
Natura: Libro
Lingua:spagnolo
Pubblicazione: Barcelona EUB 1997
Edizione:2a. ed
Serie:Colección Psicología y Educación, 46
Soggetti:
Tags: Aggiungi Tag
Nessun Tag, puoi essere il primo ad aggiungerne!!

MARC

LEADER 00000nam a2200000 a 4500
001 UCP1171
003 CL-VaPUC
008 990401e19970000SP |||||||||||||||||spa|d
082 0 4 |a 371.26  |b QUI  |2 21 
100 0 |a Quijano de Arana, Santiago de  |e author  |9 427059 
700 0 |a Galán, Diego  |e author  |9 427060 
245 1 0 |a Sistemas efectivos de evaluación del rendimiento: resultados, desempeños, técnicas y sistemas para la gestión y el desarrollo del personal 
250 |a 2a. ed 
300 |a 329 p 
942 |c BK 
945 |d 19990401 00:00:00  |a rbrito 
260 |a Barcelona  |b EUB  |c 1997 
650 0 |a Evaluación de la educación   |9 237505 
650 0 |a Formación profesional de profesores  |9 307493 
650 7 |a EVALUADORES  |2 CL-VaPUC  |9 427061 
650 0 |a Profesores   |9 308968 
650 7 |a FRACASO ESCOLAR  |2 CL-VaPUC  |9 308828 
583 |a last modification  |c 19990401 00:00:00  |k Rodrigo Vera 
490 0 |a Colección Psicología y Educación, 46 
999 |c 279880  |d 279878 
952 |0 0  |1 0  |4 0  |6 371_260000000000000_QUI_1997  |7 0  |8 A  |9 319761  |a BIBEDU  |b BIBEDU  |d 2019-11-20  |i 3495124  |o 371.26 QUI 1997  |p 3495124  |r 2019-11-20  |w 2019-11-20  |y BK  |k BME